Seleções que estão na copa de 2022 - Statistics

Estatísticas Gerais
  • Esse quiz foi jogado 189 vezes
  • A pontuação média é 29 de 32
Estatísticas das Respostas
Grupo A % Correto
Brasil
99%
Argentina
97%
Portugal
97%
Coréia do Sul
96%
Japão
96%
Estados Unidos
95%
França
95%
Espanha
94%
Suíça
94%
Uruguai
93%
Sérvia
92%
Alemanha
91%
Camarões
91%
Equador
91%
Holanda
91%
Inglaterra
91%
México
91%
Bélgica
90%
Senegal
90%
Austrália
88%
Gana
88%
Croácia
87%
Dinamarca
85%
Canadá
84%
Polônia
84%
Qatar
84%
Arábia Saudita
83%
Costa Rica
83%
Irã
83%
Marrocos
83%
País de Gales
80%
Tunísia
70%
Nenhum quiz correspondente encontrado
Distribuição das Pontuações
Porcentagem de Pessoas com Cada Pontuação
Percentil de Números Respondidos
Sua Pontuação Histórica
Você não jogou esse quiz